00287nam a2200121Ia 4500008004100000082001500041100002100056245002600077250000800103260003800111300000800149650000800157191201s2011 xx 000 0 und d a658.5bYAI aYADAVA, Abhishek 0aIndustrial Management a1ST aN. DelhibGlobal vision pubc2011 a369 aBBA